LIBRARY & INFORMATION CENTRE, KCAET, TAVANUR

ONLINE PUBLIC ACCESS CATALOGUE (OPAC)

Introduction to farm organization and management / (Record no. 10902)

MARC details
000 -LEADER
fixed length control field 00444cam a2200169ua 4500
020 ## - INTERNATIONAL STANDARD BOOK NUMBER
ISBN 0 08 024432 7
041 ## - LANGUAGE CODE
Language code of text/sound track or separate title eng
082 ## - DEWEY DECIMAL CLASSIFICATION NUMBER
Classification number 631.584
Item number BUC/IN
100 ## - MAIN ENTRY--AUTHOR NAME
Personal name Buckett, Maurice.
245 ## - TITLE STATEMENT
Title Introduction to farm organization and management /
250 ## - EDITION STATEMENT
Edition statement 1 /
260 ## - PUBLICATION, DISTRIBUTION, ETC. (IMPRINT)
Place of publication Oxford :
Name of publisher Pergamon Press ,
Year of publication 1985.
300 ## - PHYSICAL DESCRIPTION
Number of Pages 313 ; .
942 ## - ADDED ENTRY ELEMENTS (KOHA)
Koha item type Books
Holdings
Withdrawn status Lost status Damaged status Home library Current library Date acquired Full call number Accession Number Koha item type
      KAUAET KAUAET 27/03/1987 631.584 16271 Books
free website counter